• 首页
  • 本馆介绍
  • 公告通知
  • 最新文献
  • 馆藏检索
  • 电子资源
  • 读者导购
  • 参考咨询
  • 我的图书馆
  • 登录
  • 详细信息显示
  • 放入我的书架
  • 预约/预借图书
  • 作者相关作品
  • 分类相关作品
  • 丛书相关作品
  • 出版社相关作品

书目信息

  • 表格格式
  • 工作单格式
  • 卡片格式
题名:
有机旱作农业的生物治理
    
 
作者: 李丰伯 , 李晓毓 , 张杰 著
分册:  
出版信息: 长春   吉林大学出版社  2019.06
页数: 236页
开本: 26cm
丛书名:
单 册:
中图分类: S343.1
科图分类:
主题词: 有机农业--you ji nong ye--旱作农业--生物防治
电子资源:
ISBN: 978-7-5692-5035-0
000 01055nam0 2200265 450
001 0106081757
005 20201106082043.0
010    @a978-7-5692-5035-0@dCNY69.00
100    @a20200408d2019 em y0chiy50 ea
101 0  @achi
102    @aCN@b220000
105    @aa z 000yy
106    @ar
200 1  @a有机旱作农业的生物治理@Ayou ji han zuo nong ye de sheng wu zhi li@f李丰伯, 李晓毓, 张杰著
210    @a长春@c吉林大学出版社@d2019.06
215    @a236页@c图@d26cm
300    @a安徽省教育厅优秀青年人才支持计划重点项目《生物源可降解缓释杀虫剂在黄山风景区生物防治中的应用》等
330    @a本书分为七章,内容包括:有机旱作农业发展概述、有机旱作农业生物治理的调查与预测、有机旱作农业的生物治理资源、有机旱作农业生物肥料对土壤的改良作用、有机旱作农业病虫害的生物防治等。
606 0  @a有机农业@Ayou ji nong ye@x旱作农业@x生物防治
690    @aS343.1@v5
701  0 @a李丰伯@Ali feng bo@4著
701  0 @a李晓毓@Ali xiao yu@c(女)@4著
701  0 @a张杰@Azhang jie@f(1978-)@4著
801  0 @aCN@bBJSZM@c20201106
905    @b1191204-7@dS343.1@e71@f4
    
    有机旱作农业的生物治理/李丰伯, 李晓毓, 张杰著.-长春:吉林大学出版社,2019.06
    236页:图;26cm
    安徽省教育厅优秀青年人才支持计划重点项目《生物源可降解缓释杀虫剂在黄山风景区生物防治中的应用》等
    
    ISBN 978-7-5692-5035-0:CNY69.00
    本书分为七章,内容包括:有机旱作农业发展概述、有机旱作农业生物治理的调查与预测、有机旱作农业的生物治理资源、有机旱作农业生物肥料对土壤的改良作用、有机旱作农业病虫害的生物防治等。
●
相关链接 在E读中查询图书 在五车中查询图书 在当当中查询图书 在豆瓣中查询图书


正题名:有机旱作农业的生物治理     索取号:S343.1/71         预约/预借

序号 登录号 条形码 馆藏地/架位号 状态 备注
1 1191204   211912046   第二样本阅览室/ [索取号:S343.1/71] 在馆    
2 1191205   211912055   第三借阅区/ [索取号:S343.1/71] 在馆    
3 1191206   211912064   第三借阅区/ [索取号:S343.1/71] 在馆    
4 1191207   211912073   第三借阅区/ [索取号:S343.1/71] 在馆    
唐山师范学院图书馆 欢迎您!
大连网信软件有限公司© 版权所有